Comentarios Procesales

Guardat en:
Dades bibliogràfiques
Autor principal: Tavolari Oliveros, Raúl (Autor)
Format: Llibre
Idioma:espanyol
Publicat: Valparaíso Edeval 1994
Col·lecció:Colección Jornadas Académicas, 19
Matèries:
Etiquetes: Afegir etiqueta
Sense etiquetes, Sigues el primer a etiquetar aquest registre!

MARC

LEADER 00000nam a2200000 a 4500
001 UCO7821
003 CL-VaPUC
008 001124e19940000CL |||||||||||||||||spa|d
082 0 4 |a 347.83  |b TAV  |2 21 
100 0 |a Tavolari Oliveros, Raúl  |e author  |9 452590 
245 1 0 |a Comentarios Procesales 
300 |a 191 p 
942 |c BK 
945 |d 20001124 00:00:00  |a vberengu 
260 |a Valparaíso  |b Edeval  |c 1994 
650 7 |a DERECHO CHILENO  |2 CL-VaPUC  |9 452591 
650 0 |a Enseñanza del derecho  |9 354184 
650 7 |a IMPUGNACION  |2 CL-VaPUC  |9 372617 
650 0 |a Procedimiento penal  |9 254974 
650 0 |a Proceso civil  |9 361912 
583 |a last modification  |c 20001124 00:00:00  |k Rodrigo Vera 
490 0 |a Colección Jornadas Académicas, 19 
999 |c 292693  |d 292691 
952 |0 0  |1 0  |4 0  |6 347_830000000000000_TAV_1994  |7 0  |8 A  |9 343746  |a BIBDER  |b BIBDER  |d 2019-11-20  |i 3656683  |o 347.83 TAV 1994  |p 3656683  |r 2023-01-25  |w 2019-11-20  |y BK  |k DER